Get the Picture: Rock Bands Quiz Stats

 Plays Quiz Updated May 23, 2019

Score 0/20 Timer 05:00
3 Plays Today
Question Answer Wrong Answers
Name:
The Beatles
The Beatles
97.5%
AC ϟ DC
0.3%
U2
0.1%
Guns N' Roses
0.2%
Members Include:
John Lennon, Paul McCartney
The Beatles
97.2%
AC ϟ DC
0.4%
U2
0.2%
Guns N' Roses
0.3%
Famous Song:
Yellow Submarine
The Beatles
96.5%
AC ϟ DC
0.7%
U2
0.5%
Guns N' Roses
0.3%
Name:
U2
U2
96.3%
AC ϟ DC
0.8%
The Beatles
0.2%
Guns N' Roses
0.7%
Name:
Guns N' Roses
Guns N' Roses
95.4%
AC ϟ DC
1.6%
U2
0.8%
The Beatles
0.1%
Famous Album:
Abbey Road
The Beatles
95.3%
AC ϟ DC
0.8%
U2
1.3%
Guns N' Roses
0.5%
Members Include:
Bono, Adam Clayton
U2
95.2%
AC ϟ DC
1.1%
The Beatles
0.4%
Guns N' Roses
1.2%
City of Origin:
Liverpool, United Kingdom
The Beatles
93.6%
AC ϟ DC
1.5%
U2
2.2%
Guns N' Roses
0.7%
City of Origin:
Dublin, Ireland
U2
93.2%
AC ϟ DC
2.6%
The Beatles
1%
Guns N' Roses
1.1%
Name:
AC/DC
AC ϟ DC
91.9%
U2
0.8%
The Beatles
0.2%
Guns N' Roses
5%
Members Include:
Slash, Duff McKagan
Guns N' Roses
89.4%
AC ϟ DC
4.4%
U2
4%
The Beatles
0.3%
Famous Song:
Welcome to the Jungle
Guns N' Roses
89.3%
AC ϟ DC
6.7%
U2
1.5%
The Beatles
0.2%
Members Include:
Angus Young, Malcolm Young
AC ϟ DC
88.9%
U2
3.5%
The Beatles
0.5%
Guns N' Roses
5%
Famous Album:
The Joshua Tree
U2
88.6%
AC ϟ DC
4%
The Beatles
2.1%
Guns N' Roses
3.2%
Famous Album:
Back in Black
AC ϟ DC
88%
U2
3.2%
The Beatles
0.9%
Guns N' Roses
5.8%
Famous Song:
Highway to Hell
AC ϟ DC
87.5%
U2
1.3%
The Beatles
0.3%
Guns N' Roses
8.9%
City of Origin:
Los Angeles, USA
Guns N' Roses
87%
AC ϟ DC
6.5%
U2
3.9%
The Beatles
0.5%
Famous Song:
Sunday Bloody Sunday
U2
86.6%
AC ϟ DC
5.3%
The Beatles
2.2%
Guns N' Roses
3.8%
City of Origin:
Sydney, Australia
AC ϟ DC
86%
U2
6.1%
The Beatles
0.5%
Guns N' Roses
5.4%
Famous Album:
Appetite for Destruction
Guns N' Roses
80.6%
AC ϟ DC
12.8%
U2
4.2%
The Beatles
0.3%

Today's Daily Dose

Word Ladder
Lean on Me

Get the Picture
Superhero by Villain

You're not logged in!

Compare scores with friends on all Sporcle quizzes.
OR
Log In

Sporcle TV

Today on Sporcle TV


Watch our educational content, quiz creation guides, and fun videos on Sporcle TV.

Show Comments

Extras

Top Quizzes Today


Score Distribution

Your Account Isn't Verified!

In order to create a playlist on Sporcle, you need to verify the email address you used during registration. Go to your Sporcle Settings to finish the process.

Report this User

Report this user for behavior that violates our Community Guidelines.

Details: